Statystyki dla Państwa z niedźwiedziami brunatnymi

Kliknij tutaj aby rozwiązać quiz!

Ogólne statystyki

  • Ten quiz został rozwiązany 277 razy
  • Średni wynik to 31 z 42

Statystyki odpowiedzi

Kraina niedźwiedzi% Poprawnych
Rosja
98%
Polska
98%
Stany
Zjednoczone
93%
Kanada
90%
Szwecja
89%
Norwegia
89%
Finlandia
88%
Ukraina
87%
Chiny
87%
Słowacja
86%
Czechy
86%
Białoruś
84%
Francja
81%
Kazachstan
79%
Estonia
77%
Hiszpania
76%
Chorwacja
76%
Włochy
76%
Rumunia
75%
Łotwa
75%
Serbia
74%
Słowenia
73%
Grecja
71%
Bułgaria
71%
Japonia
70%
Albania
69%
Indie
68%
Bośnia i Hercegowina
68%
Turcja
67%
Armenia
66%
Gruzja
65%
Czarnogóra
63%
Iran
63%
Azerbejdżan
63%
Afganistan
62%
Macedonia
Północna
61%
Uzbekistan
60%
Irak
59%
Kirgistan
56%
Pakistan
56%
Andora
53%
Korea Północna
49%

Rozkład punktacji

Percentyl według liczby udzielonych odpowiedzi

Procent ludzi z każdym wynikiem

Twoja historia wyników

Nie rozwiązałeś tego quizu